000 00510nam a2200181Ia 4500
999 _c10111
_d10111
003 OSt
005 20191223115905.0
008 190216s9999||||xx |||||||||||||| ||und||
020 _a8170334391
040 _coclc
082 _a354
_bDAS/C
100 _aDash, Tapas R
_9625
245 0 _aCo-operatives And Economic Development /
_cTapas R Dash
260 _bRawat Publications,
_c1998.
_aJaipur:
300 _a359p
650 _aEconomics
942 _cBK
_2ddc
_h354
_iDAS/C
_k354
_mDAS/C